000 00368nam a2200133Ia 4500
008 240624s9999 xx 000 0 und d
041 _aeng
082 _a658.4012 NUN
100 _aNUNES PAUL
245 _aJUMPING THE S CURVE HOW TO BEAT THE GROW
260 _c2011
_aNew Delhi
_bHarvard Business Review Press
300 _av, : 270 : p. : cm. ; 24
365 _cRS
_b38
999 _c28302
_d28302